<?xml version="1.0" encoding="UTF-8"?>
<record
    xmlns:xsi="http://www.w3.org/2001/XMLSchema-instance"
    xsi:schemaLocation="http://www.loc.gov/MARC21/slim http://www.loc.gov/standards/marcxml/schema/MARC21slim.xsd"
    xmlns="http://www.loc.gov/MARC21/slim">

  <leader>01284njm a22002537a 4500</leader>
  <controlfield tag="005">20100908135616.0</controlfield>
  <controlfield tag="008">100908t        xxu||||| |||| 00| 0 hin d</controlfield>
  <datafield tag="028" ind1=" " ind2=" ">
    <subfield code="a">N. 54760</subfield>
    <subfield code="b">His Master's Voice</subfield>
  </datafield>
  <datafield tag="035" ind1=" " ind2=" ">
    <subfield code="a">GR-01331</subfield>
  </datafield>
  <datafield tag="040" ind1=" " ind2=" ">
    <subfield code="a">SED/VEN</subfield>
  </datafield>
  <datafield tag="100" ind1=" " ind2=" ">
    <subfield code="a">Mukesh</subfield>
    <subfield code="9">18928</subfield>
  </datafield>
  <datafield tag="245" ind1=" " ind2=" ">
    <subfield code="a">Purnima :</subfield>
    <subfield code="b">Hindustani /</subfield>
    <subfield code="c">by Mukesh &amp; Lata mangeshkar ; music by Kalyanji Anandji ; lyric by Gulzar</subfield>
    <subfield code="h">[Sound recording] :</subfield>
  </datafield>
  <datafield tag="246" ind1=" " ind2=" ">
    <subfield code="a">&#x92A;&#x942;&#x930;&#x94D;&#x923;&#x93F;&#x92E;&#x93E; (&#x92E;&#x941;&#x915;&#x947;&#x936; )</subfield>
  </datafield>
  <datafield tag="260" ind1=" " ind2=" ">
    <subfield code="a">Dum Dum India</subfield>
    <subfield code="b">His Master's Voice</subfield>
    <subfield code="c">1965</subfield>
  </datafield>
  <datafield tag="300" ind1=" " ind2=" ">
    <subfield code="a">1 sound disc [Gramophone record] :</subfield>
    <subfield code="b">analog, 33 1/3 rpm</subfield>
    <subfield code="c">10 in.</subfield>
    <subfield code="f">Gramophone Record</subfield>
  </datafield>
  <datafield tag="500" ind1=" " ind2=" ">
    <subfield code="a">Brief Record</subfield>
  </datafield>
  <datafield tag="505" ind1=" " ind2=" ">
    <subfield code="a">Hum safar mere hum safer part 1(Purnima) (Mukesh) &#x939;&#x92E; &#x938;&#x92B;&#x93C;&#x930; &#x92E;&#x947;&#x930;&#x947; &#x939;&#x92E; &#x938;&#x92B;&#x93C;&#x930; &#x92A;&#x93E;&#x930;&#x94D;&#x91F; &#x967; (&#x92A;&#x942;&#x930;&#x94D;&#x923;&#x93F;&#x92E;&#x93E; ) (&#x92E;&#x941;&#x915;&#x947;&#x936; ) O is desh ke rahnevalo part 2 (Purnima) (Lata Mangeshkar) &#x913; &#x907;&#x938; &#x926;&#x947;&#x936; &#x915;&#x947; &#x930;&#x939;&#x928;&#x947;&#x935;&#x93E;&#x932;&#x94B; &#x92A;&#x93E;&#x930;&#x94D;&#x91F; &#x968; (&#x92A;&#x942;&#x930;&#x94D;&#x923;&#x93F;&#x92E;&#x93E; ) (&#x92E;&#x941;&#x915;&#x947;&#x936; )</subfield>
  </datafield>
  <datafield tag="650" ind1=" " ind2=" ">
    <subfield code="a">Classical Music</subfield>
    <subfield code="x">Excerpts</subfield>
    <subfield code="z">India</subfield>
    <subfield code="9">18929</subfield>
  </datafield>
  <datafield tag="700" ind1=" " ind2=" ">
    <subfield code="a">Mangeshkar, Lata</subfield>
    <subfield code="9">18930</subfield>
  </datafield>
  <datafield tag="700" ind1=" " ind2=" ">
    <subfield code="a">Kalyanji Anandji</subfield>
    <subfield code="9">18931</subfield>
  </datafield>
  <datafield tag="700" ind1=" " ind2=" ">
    <subfield code="a">Gulzar</subfield>
    <subfield code="9">18945</subfield>
  </datafield>
  <datafield tag="942" ind1=" " ind2=" ">
    <subfield code="2">ddc</subfield>
    <subfield code="c">GR</subfield>
  </datafield>
  <datafield tag="999" ind1=" " ind2=" ">
    <subfield code="c">44523</subfield>
    <subfield code="d">44523</subfield>
  </datafield>
  <datafield tag="952" ind1=" " ind2=" ">
    <subfield code="0">0</subfield>
    <subfield code="1">0</subfield>
    <subfield code="2">ddc</subfield>
    <subfield code="4">0</subfield>
    <subfield code="7">1</subfield>
    <subfield code="8">NFIC</subfield>
    <subfield code="a">L</subfield>
    <subfield code="b">L</subfield>
    <subfield code="d">2010-09-08</subfield>
    <subfield code="e">SED/VEN</subfield>
    <subfield code="l">0</subfield>
    <subfield code="p">GR-01331</subfield>
    <subfield code="r">2010-09-08 00:00:00</subfield>
    <subfield code="t">1</subfield>
    <subfield code="w">2010-09-08</subfield>
    <subfield code="y">GR</subfield>
  </datafield>
</record>
